|
|
|
|
| LEADER |
00682nta a2200181 i 4500 |
| 001 |
dipl96144 |
| 005 |
20201217113953.0 |
| 008 |
201216s2001 hu om 0|| zxx d |
| 040 |
|
|
|a SZTE Diploma Repozitórium
|b hun
|
| 041 |
|
|
|a zxx
|
| 100 |
1 |
|
|a Rácz Andrea
|
| 245 |
1 |
0 |
|a „Bőg teste óljában a szörnyeteg”
|h [elektronikus dokumentum] :
|b Szabó Lőrinc ‘A huszonhatodik év’ című szonettciklusának elemzése /
|c Andrea Rácz
|
| 260 |
|
|
|c 2001
|
| 650 |
|
4 |
|a Bölcsészettudományok
|
| 650 |
|
4 |
|a Humanities
|
| 650 |
|
4 |
|a Languages and Literature
|
| 700 |
1 |
|
|a Bíró Zoltán
|e ths
|
| 856 |
4 |
0 |
|u http://diploma.bibl.u-szeged.hu/id/eprint/96144/1/2001_racz_andrea.pdf
|z Dokumentum-elérés
|